000
00274nam a2200097Ia 4500
001
1042452
005
20250826232101.0
008
250824s9999 xx 000 0 und d
245
0
_a
İSLAMİ YENİDEN DOĞUŞUN MESELELERİ
_c
ALİYA İZZETBEGOVİÇ
260
_b
KETEBE YAYINLARI
999
_c
1042452
_d
1042452